[Event "Yingmei Cup CHN-chT 2017"]
[Site "?"]
[Date "2017.07.28"]
[Round "10"]
[White "Sun, Fanghui"]
[Black "Ju, Wenjun"]
[Result "0-1"]
[WhiteElo "2059"]
[BlackElo "2596"]
[Annotator "TA"]
[PlyCount "48"]
[EventDate "2017.??.??"]
[SourceTitle "Ningbo"]

1. e4 c5 2. c3 d5 3. exd5 Qxd5 4. d4 Nf6 5. Nf3 e6 6. Be2 Be7 7. O-O O-O 8. Be3
cxd4 9. cxd4 Nc6 10. Nc3 Qd6 11. Qd2 b6 12. a3 {[%emt 0:00:02] B2: Sicilian: 2
c3} (12. Ne5 $5 Nxe5 13. Bf4 $11) (12. Bf4 Qd8 13. Rfd1 Nb4 14. Rac1 Bb7 15. a3
Nbd5 16. Nxd5 Nxd5 17. Bg3 Nf6 18. Qe3 Rc8 19. Rxc8 Qxc8 {0-1 (36) Tobor,D 
(2074)-David,A (2575) Paleochora 2015}) 12... Bb7 13. b4 Nd5 $146 ({
Predecessor:} 13... Rac8 14. Nb5 Qd8 15. Rac1 Nd5 16. Ne5 a6 17. Nxc6 Rxc6 18.
Rxc6 {1/2-1/2 (18) Ruecker,B (2170)-Willich,M (1842) Bad Zwesten 2003}) 14.
Rac1 {The position is equal.} Nxc3 15. Qxc3 Rac8 16. Qd3 Bf6 17. Rfd1 Qd5 18.
Ne1 Rfd8 19. Bf3 Qd7 20. Qe4 $2 {[#]} (20. Qb5 $15) 20... Nxd4 $19 21. Qxb7
Qxb7 22. Bxb7 Rxc1 23. Rxc1 {[#] Strongly threatening Ba6.} Ne2+ 24. Kf1 Nxc1 {
Precision: White = 17%, Black = 96%.} 0-1

[Event "Yingmei Cup CHN-chT 2017"]
[Site "?"]
[Date "2017.07.29"]
[Round "11"]
[White "Ding, Liren"]
[Black "Zhao, Jun"]
[Result "1/2-1/2"]
[WhiteElo "2759"]
[BlackElo "2616"]
[Annotator "TA"]
[PlyCount "71"]
[EventDate "2017.??.??"]
[SourceTitle "Ningbo"]

1. d4 Nf6 2. c4 e6 3. Nf3 d5 4. g3 Bb4+ 5. Bd2 Be7 6. Bg2 O-O 7. O-O c6 8. b3
b6 {E11: Bogo-Indian} 9. Bc1 Ba6 10. Nbd2 Nbd7 11. Bb2 Rc8 12. Rc1 Re8 13. Re1
Bb7 {[#]} 14. e3 $146 ({Predecessor:} 14. e4 dxe4 15. Ng5 Bb4 16. Re2 c5 17.
Ndxe4 Nxe4 18. Bxe4 Qxg5 19. Bxb7 {1/2-1/2 (44) Ftacnik,L (2610)-Pinter,J 
(2560) Austria 1996}) 14... c5 15. cxd5 Nxd5 16. Qe2 Bf8 17. Red1 cxd4 {
The position is equal.} 18. Nxd4 Rxc1 19. Rxc1 Qa8 20. Nb5 {[#] aiming for
Bxd5.} Rc8 21. Rxc8 Qxc8 22. Ne4 Qb8 23. h4 a6 24. Nd4 N5f6 25. Qc2 Nxe4 26.
Bxe4 Bxe4 27. Qxe4 Qc8 28. Kg2 Nc5 29. Qc6 Qxc6+ 30. Nxc6 $11 {Endgame KBN-KBN}
Nd3 31. Bd4 b5 32. a4 Nc1 33. axb5 axb5 34. b4 Na2 35. Na7 Nxb4 36. Nxb5 {
Precision: White = 72%, Black = 62%.} 1/2-1/2

[Event "Yingmei Cup CHN-chT 2017"]
[Site "?"]
[Date "2017.07.29"]
[Round "11"]
[White "Le, Quang Liem"]
[Black "Lin, Chen"]
[Result "1-0"]
[WhiteElo "2726"]
[BlackElo "2475"]
[Annotator "TA"]
[PlyCount "85"]
[EventDate "2017.??.??"]
[SourceTitle "Ningbo"]

1. Nf3 Nf6 2. g3 d5 3. Bg2 Bg4 4. O-O c6 5. d3 Bxf3 (5... Nbd7 6. h3 Bh5 7.
Nbd2 e5 8. e4 Be7 9. Qe1 O-O 10. Nh4 Re8 11. Nf5 Bf8 12. Nb3 Qc7 13. a4 h6 14.
Nh4 dxe4 15. dxe4 c5 16. Nd2 c4 17. Nb1 Nc5 18. g4 Bg6 19. Nxg6 fxg6 {1-0 (63)
Malakhov,V (2712)-Rodshtein,M (2698) Chartres 2017}) 6. Bxf3 {A07: Réti
Opening: New York and Capablanca Systems} g6 7. e4 dxe4 8. dxe4 {White is
slightly better.} Qxd1 9. Rxd1 Nbd7 10. Nd2 $146 ({Find the theoretical
novelty and annotate with similar games:} 10. Na3 h5 11. Nc4 Bh6 12. Bxh6 Rxh6
13. e5 {1-0 (29) Yurtaev,L (2460)-Moskalenko,V (2445) Sverdlovsk 1987}) 10...
Ne5 11. Be2 g5 12. f3 e6 13. Kg2 Rg8 14. Nb3 Nfd7 15. Be3 Be7 16. a4 a5 17. Rd2
b6 18. Kf2 O-O-O 19. h3 Nc5 20. Rxd8+ Rxd8 21. Nxc5 Bxc5 22. Bxc5 bxc5 $14 {
Endgame KRB-KRN} 23. f4 gxf4 24. gxf4 Ng6 25. Ke3 Kc7 26. Rg1 Rd4 27. b3 f5 28.
Bd3 e5 29. fxe5 f4+ 30. Kf3 {Strongly threatening Rg5.} Nxe5+ 31. Kxf4 Kd6 (
31... Nxd3+ $16 32. cxd3 Rxd3) 32. Rg8 (32. Kf5 $18) 32... Nxd3+ $16 33. cxd3 {
KR-KR} Ke6 34. h4 (34. Rg5 {seems wilder.} Rxd3 35. Rxc5 Rxh3 36. Rxc6+ Ke7 37.
Ra6) 34... Rxd3 35. Rg3 (35. Rg5 $16) 35... Rd1 $1 $11 36. Rc3 Kd6 {[#]} (36...
Rf1+ $11 37. Kg5 c4) 37. h5 $1 $16 Rf1+ 38. Kg5 Rf7 {[#]} 39. e5+ $1 Kd5 {[#]}
(39... Kxe5 40. Rxc5+) 40. e6 $1 Re7 $2 (40... Kxe6 $14 41. Rxc5 Rg7+ 42. Kh6
Ra7 43. Rxc6+ Kd5) 41. Kf5 $18 {White is clearly winning.} Kd4 42. Rc4+ Kd5 43.
Rc1 {Precision: White = 60%, Black = 54%.} 1-0

[Event "Yingmei Cup CHN-chT 2017"]
[Site "?"]
[Date "2017.07.29"]
[Round "11"]
[White "Malakhov, Vladimir"]
[Black "Zhang, Ziji"]
[Result "1-0"]
[WhiteElo "2714"]
[BlackElo "2318"]
[Annotator "TA"]
[PlyCount "65"]
[EventDate "2017.??.??"]
[SourceTitle "Ningbo"]

1. Nf3 d5 2. e3 Nf6 3. c4 c6 4. Nc3 e6 5. b3 Nbd7 6. Bb2 Bd6 7. d4 O-O 8. Bd3
Re8 {LiveBook: 18 Games. D46: Semi-Slav: 5 e3 Nbd7 6 Bd3, Black avoids the
Meran} (8... e5 9. cxd5 cxd5 10. dxe5 Nxe5 11. Be2 Nxf3+ 12. Bxf3 Be5 13. O-O
Be6 14. Qd2 Ne4 15. Nxe4 dxe4 16. Qxd8 Rfxd8 17. Bxe5 exf3 18. gxf3 {1/2-1/2 
(40) Malakhov,V (2712)-Shirov,A (2664) Sochi 2017}) 9. h3 e5 10. dxe5 Nxe5 {
The position is equal.} 11. cxd5 Nxf3+ $146 ({Predecessor:} 11... cxd5 12. Be2
a6 13. O-O Bc7 14. Qd4 Qd6 15. Nxe5 Rxe5 16. Qf4 {1-0 (28) Grigoriants,S (2587)
-Esserman,M (2458) Reykjavik 2016}) 12. Qxf3 Be5 13. O-O cxd5 (13... Qa5 $5 14.
Rfc1 Nxd5 $11) 14. Rfd1 Qa5 15. Rac1 Bd7 16. a3 Qb6 17. b4 d4 {[#]} (17... Rac8
$11) 18. exd4 $1 $16 Bxd4 {[#]} 19. b5 $1 {And now Na4 would win.} Be5 20. Na4
Qa5 21. Bxe5 Rxe5 22. Nc5 Bc8 23. Nxb7 Bxb7 24. Qxb7 Rae8 25. Qf3 h5 26. Bf1
R5e6 27. Rc6 Qa4 (27... R6e7 {is a better defense.} 28. Kh2 Re1) 28. Rxe6 $18
Rxe6 $2 (28... fxe6 29. Rd6 Qc2) 29. Rd8+ Kh7 (29... Ne8 $142 30. Rd7 (30. Qxh5
Qxa3 31. Qd5 Re1 $18) 30... Nd6 31. Qa8+ Kh7 32. Qxa7 Qxa7 33. Rxa7 Re1) 30.
Rf8 {Qf5+ would kill now.} Re1 31. Qf5+ {White mates.} g6 32. Qxf6 Rxf1+ 33.
Kh2 {Precision: White = 98%, Black = 50%.} 1-0

[Event "Yingmei Cup CHN-chT 2017"]
[Site "?"]
[Date "2017.07.29"]
[Round "11"]
[White "Naiditsch, Arkadij"]
[Black "Zhou, Jianchao"]
[Result "1/2-1/2"]
[WhiteElo "2712"]
[BlackElo "2613"]
[Annotator "TA"]
[PlyCount "98"]
[EventDate "2017.??.??"]
[SourceTitle "Ningbo"]

1. e4 e5 2. Nf3 Nc6 3. Bb5 Nf6 4. d3 Bc5 5. Bxc6 dxc6 6. O-O {C65: Ruy Lopez:
Berlin Defence (3...Nf6), unusual lines and 4 0-0 Bc5} Nd7 7. c3 O-O 8. d4 Bd6
9. Bg5 {LiveBook: 3 Games} Be7 $146 ({Predecessor:} 9... f6 10. Qb3+ Kh8 11.
Bh4 b6 12. Nbd2 Ba6 13. Rfe1 Qe7 14. dxe5 Nxe5 15. Nxe5 Qxe5 {1-0 (46) Eljanov,
P (2751)-Radjabov,T (2710) Shamkir 2017}) 10. Bxe7 Qxe7 11. Nbd2 exd4 12. Nxd4
Nf6 13. Qc2 c5 14. Ne2 b6 15. Ng3 h5 16. Rfe1 h4 17. Nf5 Bxf5 $1 18. exf5 Qd6
19. Ne4 Qe5 20. Ng5 Qf4 21. Nh3 $1 Qd6 22. Rad1 Rfe8 23. Re2 $36 {White is
more active.} Qc6 24. Ng5 Rxe2 25. Qxe2 Qa4 26. b3 Re8 (26... Qf4 $5 27. Qf3
Qxf3 28. Nxf3 h3 $11) 27. Rd8 $1 Qd7 28. Rxe8+ (28. Qxe8+ {feels hotter.} Qxe8
29. Rxe8+ Nxe8 30. g4 hxg3 31. fxg3 c4 32. bxc4 Nd6 33. g4) 28... Qxe8 29. Kf1
Qd8 30. c4 {The position is equal.} Qd4 31. g3 hxg3 32. hxg3 Qg4 33. Qd2 {
[#] Qd8+ would kill now.} Qd4 34. Qe3 Qg4 35. Qd2 {White threatens Qd8+ and
mate.} Qd4 36. Nf3 Qxd2 37. Nxd2 $11 {Endgame KN-KN} Kf8 38. Ke2 Ke7 39. f3 Nd7
40. Ne4 Ne5 41. Nc3 Nc6 42. Nd5+ Kd6 43. Ke3 Nb4 44. Nc3 $1 Ke5 45. g4 Nc2+ 46.
Kd2 Nd4 47. Ke3 Nc2+ 48. Kd3 Nd4 {[#] Hoping for ...Kf4.} 49. Ke3 Nc2+ {
Precision: White = 65%, Black = 74%.} 1/2-1/2

[Event "Yingmei Cup CHN-chT 2017"]
[Site "?"]
[Date "2017.07.29"]
[Round "11"]
[White "Wang, Yue"]
[Black "Wan, Yunguo"]
[Result "1-0"]
[WhiteElo "2706"]
[BlackElo "2492"]
[Annotator "TA"]
[PlyCount "75"]
[EventDate "2017.??.??"]
[SourceTitle "Ningbo"]

1. Nf3 Nf6 2. c4 g6 3. Nc3 Bg7 4. e4 d6 5. d4 O-O 6. h3 Na6 7. Be3 c5 8. d5 {
[%emt 0:00:06] E90: King's Indian: Classical: Early deviations and h3} e6 {
LiveBook: 31 Games} 9. Nd2 $146 (9. Bd3 $14) ({Predecessor:} 9. Bd3 exd5 10.
exd5 Bf5 11. Bxf5 gxf5 12. O-O Ne4 13. Nxe4 fxe4 14. Ng5 Qe7 15. Qb1 Rae8 16.
h4 h6 17. Nh3 Qxh4 18. Nf4 {0-1 (39) Postny,E (2658)-Jones,G (2623) Berlin 2015
}) 9... exd5 $11 10. cxd5 {The position is equal.} Nxe4 11. Ndxe4 {Black must
now prevent Bf4.} ({Much weaker is} 11. Ncxe4 f5 $17) 11... f5 $1 12. Bxa6 bxa6
13. Nxc5 {Ne6 is the strong threat.} f4 14. Bd4 dxc5 15. Bxg7 Re8+ 16. Kf1 Kxg7
17. Qf3 Rb8 18. b3 $36 {White is pushing.} Rb4 19. Kg1 Bf5 20. Kh2 Rd4 {
aiming for ...Rd3.} 21. Rhd1 Bc2 (21... Qd6 $11) 22. Re1 $14 Bf5 23. Ne2 $1
Rde4 24. Nxf4 {Hoping for Ne6+!} Qf6 {[#]} (24... Rxe1 $16 25. Rxe1 Rxe1 26.
Qc3+ Kf7 27. Qxe1 g5) 25. Qg3 $1 $18 Qd4 $2 (25... Kf7 {keeps fighting.} 26.
Rxe4 Rxe4) 26. Rad1 Rxe1 27. Rxd4 cxd4 28. Nh5+ Kf8 (28... Kf7 $142 29. Qg5
R8e7 30. Qf6+ Kg8) 29. Qg5 {White threatens Qf6+ and mate.} R8e7 30. Ng3 R1e5
$2 (30... d3 31. Nxf5 gxf5 32. Qxf5+ Rf7 33. Qc8+ Re8 34. Qc5+ Ree7) 31. d6 Rf7
{[#]} 32. Qd8+ $2 (32. d7 $1 Rxd7 (32... Bxd7 33. Qxe5) 33. Qf6+ Kg8 34. Qxe5)
32... Re8 33. Qh4 d3 34. Qd4 Rd7 $2 (34... Kg8 35. Qd5 Kg7 36. Qd4+ Kg8) 35.
Nxf5 gxf5 36. Qh8+ Kf7 37. Qxh7+ Kf6 38. Qxd7 {Precision: White = 74%, Black =
45%.} 1-0

[Event "Yingmei Cup CHN-chT 2017"]
[Site "?"]
[Date "2017.07.29"]
[Round "11"]
[White "Wang, Hao"]
[Black "Ni, Hua"]
[Result "0-1"]
[WhiteElo "2690"]
[BlackElo "2674"]
[Annotator "TA"]
[PlyCount "114"]
[EventDate "2017.??.??"]
[SourceTitle "Ningbo"]

1. e4 e5 2. Nf3 Nf6 3. Nxe5 d6 4. Nf3 Nxe4 5. d4 d5 6. Bd3 Bf5 7. O-O Be7 8.
Re1 Nc6 9. Nc3 Nxc3 {C42: Petroff Defence: 3 Nxe5 and unusual White 3rd moves}
10. bxc3 Bxd3 11. cxd3 (11. Qxd3 O-O 12. Re2 Qd7 13. Bf4 a6 14. Rae1 Rae8 15.
h3 Bd8 16. Bg3 Rxe2 17. Rxe2 {1/2-1/2 (42) Radjabov,T (2710)-Wei,Y (2707) Doha
2016}) 11... O-O 12. Rb1 Rb8 {LiveBook: 7 Games} 13. Rb2 Bd6 14. Rbe2 Qd7 15.
Ne5 Qf5 $146 ({Predecessor:} 15... Bxe5 16. dxe5 d4 17. c4 {1/2-1/2 (28)
Penrose,J-Brglez,F England 1979}) 16. g4 Qc8 {And now ...Bxe5 would win.} 17.
h3 f6 18. Nf3 $36 {Black is under pressure.} Qd7 19. Qb3 Qf7 (19... Rf7 $11)
20. Nh4 $14 g6 21. Ng2 f5 22. Bh6 fxg4 (22... Rfd8 $142) 23. Bxf8 $16 ({Resist
} 23. hxg4 $6 Rfd8 $14) 23... Rxf8 24. Ne3 ({Wrong is} 24. Qxb7 $2 gxh3 25. f4
Nd8 $19) (24. hxg4 $16 Nd8 25. f4) 24... gxh3 $14 {aiming for ...Ne7.} 25. Qxd5
Qxd5 26. Nxd5 Kg7 27. Ne3 b5 {White should prevent ...b4.} 28. Ng4 b4 29. d5 h5
30. Nh2 Na5 (30... Nd8 $11 {remains equal.}) 31. c4 $1 $16 Bc5 32. Rd2 (32. Nf1
$16) 32... Rf4 33. Re4 Rf5 34. Rh4 (34. Nf1 $14) 34... b3 $1 $11 35. axb3 Nxb3
36. Rb2 a5 37. d4 Bxd4 38. Rc2 a4 {...a3 is the strong threat.} 39. Rxh3 Bc5
40. Ra2 Rf4 $1 {Black has compensation.} 41. Rc3 Nd4 42. Kg2 Nf5 43. Nf3 a3 44.
Re2 {[#]} (44. Ne1 $1 $11 {keeps the balance.}) 44... g5 $1 45. Ne5 $2 {[#]} ({
White should play} 45. Ra2 $15) (45. Nxg5 Rg4+) 45... g4 $2 ({Better is} 45...
a2 $1 $19 46. Rxa2 Bd4) 46. Nd7 $2 {[#]} (46. Nd3 $11 {and White is okay.} Rf3
47. Rec2) 46... Rf3 $1 $19 47. Rcc2 (47. Rxf3 gxf3+) 47... Bd4 48. Red2 $2 (48.
Rcd2 Rb3 49. Ra2) 48... h4 49. Ra2 h3+ 50. Kh2 {[#]} Bxf2 $1 {Black mates.} 51.
Re2 (51. Rxf2 g3+) 51... Bg3+ 52. Kg1 h2+ 53. Rxh2 Bxh2+ 54. Kxh2 {[#]} Rf2+ $1
55. Rxf2 g3+ 56. Kg2 gxf2 57. Nc5 Nd4 {Precision: White = 44%, Black = 57%.}
0-1

[Event "Yingmei Cup CHN-chT 2017"]
[Site "?"]
[Date "2017.07.29"]
[Round "11"]
[White "Lu, Shanglei"]
[Black "Bu, Xiangzhi"]
[Result "1/2-1/2"]
[WhiteElo "2620"]
[BlackElo "2713"]
[Annotator "TA"]
[PlyCount "60"]
[EventDate "2017.??.??"]
[SourceTitle "Ningbo"]

1. e4 c5 2. Nf3 Nc6 3. d4 cxd4 4. Nxd4 g6 5. c4 Nf6 6. Nc3 d6 7. Be2 Nxd4 8.
Qxd4 Bg7 9. Bg5 O-O 10. Qd2 a5 11. Rc1 a4 {B36: Sicilian: Maroczy Bind:
Gurgenidze System} (11... Be6 12. O-O a4 13. f4 Qa5 14. Kh1 Rfc8 15. b3 axb3
16. axb3 Kh8 17. Bd3 Bd7 18. Qe2 Bc6 19. Nd5 Re8 20. b4 Qd8 {1-0 (40)
Ponomariov,R (2731)-Radjabov,T (2713) Beijing 2013}) 12. f3 Qa5 13. Rc2 Bd7 {
White is slightly better.} 14. a3 $146 ({Predecessor:} 14. O-O Rfc8 15. Rfc1
Rc6 16. Be3 Be6 17. Nb5 Qxd2 18. Rxd2 Nd7 19. g4 f5 20. exf5 gxf5 21. h3 Rf8
22. f4 Kf7 {1/2-1/2 (22) Angelov,R (2361)-Ruefenacht,M (2392) ICCF email 2006})
14... Rfc8 15. Na2 Qxd2+ 16. Kxd2 {The position is equal.} Be6 17. Nb4 h6 18.
Be3 Nd7 19. Nd5 Bxd5 20. cxd5 Nc5 21. Bxc5 (21. Rb1 {is more complex.} Nb3+ 22.
Kd1 Rxc2 23. Kxc2 Rc8+ 24. Kd1) 21... dxc5 22. Rb1 Be5 23. g3 g5 24. Ke3 Bd4+
25. Kd2 Be5 26. Ke3 Bd4+ 27. Kd2 Be5 28. Ke3 Bd4+ 29. Kd2 Be5 30. Ke3 Bd4+ {
Precision: White = 41%, Black = 54%.} 1/2-1/2

[Event "Yingmei Cup CHN-chT 2017"]
[Site "?"]
[Date "2017.07.29"]
[Round "11"]
[White "Zhou, Weiqi"]
[Black "Gao, Rui"]
[Result "1-0"]
[WhiteElo "2606"]
[BlackElo "2543"]
[Annotator "TA"]
[PlyCount "87"]
[EventDate "2017.??.??"]
[SourceTitle "Ningbo"]

1. Nf3 d5 2. g3 Nf6 3. Bg2 g6 4. c4 dxc4 5. Qa4+ Bd7 (5... Nfd7 6. Qxc4 Bg7 7.
O-O Nb6 8. Qc2 e5 9. d3 O-O 10. Bg5 f6 11. Be3 Nc6 12. Bc5 Re8 13. Nbd2 f5 14.
b4 a5 15. b5 {0-1 (68) Jakovenko,D (2704) -Vidit,S (2689) Doha 2016}) 6. Qxc4 {
[%emt 0:00:02] A09: Réti Opening: 1 Nf3 d5 c4} Nc6 7. Nc3 (7. d4 {feels
hotter.} Bg7 8. Nc3 O-O 9. O-O Ne8 10. Bf4) 7... Bg7 8. d3 $146 {White is
slightly better.} ({Find the theoretical novelty and annotate with similar
games:} 8. O-O O-O 9. b4 a6 10. Rb1 Be6 11. Qf4 {1/2-1/2 (32) Zimmermann,U 
(2351)-Weber,M (2187) Hannover 2014}) 8... Qc8 9. O-O Be6 10. Qa4 Bd7 11. Qa3
Bh3 12. Bg5 Bxg2 13. Kxg2 O-O 14. Rac1 Rd8 15. Rc2 Nd5 16. Nxd5 Rxd5 17. Rfc1
e6 18. Bd2 a5 19. Rc4 Ra6 20. Be3 (20. d4 $14) 20... Rd7 21. h4 Qa8 22. Qb3 a4
23. Qc2 h5 24. Kg1 Ne5 (24... Rd5 $11 {remains equal.}) 25. Nxe5 (25. Rxc7 $16
Rxc7 26. Qxc7 Nxf3+ 27. exf3) 25... Bxe5 $11 26. g4 hxg4 27. Rxg4 Bg7 28. Qd2 (
28. h5 $5) 28... Ra5 29. Rcc4 a3 30. b3 c6 31. Ra4 Rxa4 32. Rxa4 Qd8 33. Qa5
Qf6 34. Kg2 Kh7 (34... b5 $11 35. Rf4 Qd8 36. Qxa3 Qe8) 35. Qa8 b5 36. Rf4 Qe7
37. Qxc6 Rd5 38. Re4 $36 {White is more active.} Rh5 $2 (38... Rf5 $14) 39. Bg5
$1 $18 Qa7 (39... Rxg5+ {was necessary.} 40. hxg5 Qxg5+ 41. Kf1 Qd2) 40. Qe8 ({
Much less strong is} 40. Qxb5 Bf6 $18) 40... Qb7 {[#] White must now prevent ..
.f5.} 41. f3 Bh6 $2 (41... Qa7 42. Qxb5 Bf6) 42. Rf4 f5 43. Rd4 {White
threatens Rd7+ and mate.} Bg7 44. Rd8 {Precision: White = 51%, Black = 33%.}
1-0

[Event "Yingmei Cup CHN-chT 2017"]
[Site "?"]
[Date "2017.07.29"]
[Round "11"]
[White "Ju, Wenjun"]
[Black "Huang, Qian"]
[Result "1-0"]
[WhiteElo "2596"]
[BlackElo "2450"]
[Annotator "TA"]
[PlyCount "53"]
[EventDate "2017.??.??"]
[SourceTitle "Ningbo"]

1. d4 d6 2. Nf3 g6 3. e4 Bg7 4. c3 c6 5. Bd3 Nf6 6. O-O O-O 7. Re1 Bg4 {
B07: Pirc Defence: Miscellaneous Systems} (7... Nbd7 8. a4 e5 9. a5 Qc7 10. h3
d5 11. exd5 Nxd5 12. Bc4 exd4 13. Bxd5 cxd5 14. Nxd4 Nc5 15. Na3 Bd7 {1/2-1/2 
(102) Bologan,V (2687)-Bu,X (2668) Beijing 2012}) 8. Nbd2 {LiveBook: 6 Games}
e5 9. h3 Bxf3 {White is slightly better.} 10. Nxf3 Nbd7 11. a4 Re8 12. dxe5
Nxe5 $146 ({Find the theoretical novelty and annotate with similar games:} 
12... dxe5 13. Be3 Bf8 14. b4 Bd6 15. Ng5 {1-0 (39) Nielsen,J (2260)-Pedersen,
B Aarhus 1991}) 13. Nxe5 dxe5 14. a5 Nd7 15. Be3 Nf8 16. Bc4 Qc7 17. b4 Ne6 18.
Qb3 Bf6 19. Red1 Nf4 (19... Re7 $16 20. Rd2 Bg5) 20. Ra2 $18 Kg7 {[#]} 21. Rad2
$1 Red8 22. Rxd8 Bxd8 23. Rd2 {Black must now prevent Qd1.} Kf8 $2 (23... Bf6
24. Qd1 Rd8 25. Bxa7 Rxd2 26. Qxd2 Be7) 24. Bc5+ Ke8 25. Bd6 Qd7 26. Rd1 Bc7 (
26... b5 $142) 27. Bc5 {Precision: White = 75%, Black = 42%.} 1-0

[Event "Yingmei Cup CHN-chT 2017"]
[Site "?"]
[Date "2017.07.29"]
[Round "11"]
[White "Zeng, Chongsheng"]
[Black "Ma, Qun"]
[Result "1/2-1/2"]
[WhiteElo "2536"]
[BlackElo "2637"]
[Annotator "TA"]
[PlyCount "117"]
[EventDate "2017.??.??"]
[SourceTitle "Ningbo"]

1. e4 e5 2. Nf3 Nc6 3. Bc4 Bc5 4. c3 Nf6 5. d4 exd4 6. e5 d5 7. Bb5 Ne4 8. cxd4
Bb6 9. Nc3 O-O 10. Be3 {[%emt 0:00:05] C4: Giuoco Piano: 4 c3 Nf6, main lines
with 5 d4 and 5 d3} f6 {LiveBook: 5 Games} 11. Qb3 Ba5 12. O-O {White is
slightly better.} Nxc3 $146 ({Predecessor:} 12... Bxc3 13. bxc3 Na5 14. Qb4 b6
15. exf6 Qxf6 16. Ne5 Nd6 17. Be2 Be6 {1-0 (45) Najer,E (2679)-Rodshtein,M 
(2701) Poikovsky 2017}) 13. bxc3 Bg4 $1 14. Bxc6 (14. exf6 $1 $16 gxf6 15. Bd3)
14... bxc6 $11 15. Qa4 Bb6 $1 ({Don't play} 15... Bxc3 $6 16. Rac1 $16) 16.
exf6 Bxf3 $1 17. fxg7 Kxg7 {And now ...Be4 would win.} 18. gxf3 Qf6 19. Qd1
Qxf3 20. Qxf3 Rxf3 21. Rfb1 Kg6 22. Kg2 Rf6 23. Rb3 Rg8 24. Ra3 Kf5+ 25. Kf3
Ke6+ 26. Ke2 Kd7 27. Ra6 {Hoping for a4.} Kc8 28. Ra4 Rg4 29. Rb4 Kd7 30. h3
Rh4 31. Rh1 Rf5 32. Rbb1 Rfh5 33. Rbg1 Rxh3 34. Rg7+ Ke6 35. Rhg1 Rh1 36. R1g3
Ra1 37. Bf4 {Black should prevent Re3+.} Rxa2+ 38. Kf3 {[#]} (38. Kd3 $11 {
keeps the balance.}) 38... Rf5 (38... Rh2 $1 $17 39. R3g5 Rhxf2+ 40. Kg4 Rg2+
41. Bg3 Kf6) 39. Rxh7 Rf7 40. Rg6+ Ke7 41. Rh8 (41. Rxf7+ $11 Kxf7 42. Rxc6)
41... Kd7 $17 42. Kg3 {[#] Bg5 is the strong threat.} c5 $1 43. Rh5 cxd4 44.
Rxd5+ Kc8 45. cxd4 a5 {White must now prevent ...a4.} 46. Be3 a4 47. Rb5 a3 48.
Rb3 Ra1 49. Kg2 $1 Rf5 {aiming for ...a2.} 50. d5 $1 a2 51. Ra3 $1 Bxe3 52.
fxe3 Rxd5 $11 {Endgame Threatens to win with ...Rd2+. KRR-KRR} 53. Rga6 Rd2+
54. Kf3 Kd7 {Threatening ...Rf1+.} 55. Ke4 c5 (55... Rb2 $15 56. Ke5 Rh2) 56.
R3a4 {The position is equal.} Kc7 (56... c4 $5) 57. Ra7+ Kc6 58. R7a6+ Kc7 59.
Ra7+ {Precision: White = 70%, Black = 50%.} 1/2-1/2

[Event "Yingmei Cup CHN-chT 2017"]
[Site "?"]
[Date "2017.07.29"]
[Round "11"]
[White "Wang, Chen"]
[Black "Bai, Jinshi"]
[Result "1/2-1/2"]
[WhiteElo "2505"]
[BlackElo "2585"]
[Annotator "TA"]
[PlyCount "95"]
[EventDate "2017.??.??"]
[SourceTitle "Ningbo"]

1. d4 Nf6 2. Nf3 g6 3. g3 Bg7 4. Bg2 d5 5. O-O O-O 6. c4 c6 7. cxd5 cxd5 8. Nc3
Ne4 9. Ne5 Nxc3 10. bxc3 Nc6 11. Nxc6 bxc6 12. Qa4 Qb6 13. Ba3 Qa6 {D79:
Fianchetto Grünfeld: Symmetrical Variation (6 0-0 c6 7 cxd5 cxd5)} 14. Qxa6
Bxa6 15. Rfb1 Bxe2 16. Bxe7 Rfb8 17. Bd6 Rxb1+ 18. Rxb1 Bb5 19. Bf1 a6 20. a4
Bxa4 21. Bxa6 {[#]} Bf8 $146 ({Find the theoretical novelty and annotate with
similar games:} 21... Bxd4 22. cxd4 Rxa6 {1/2-1/2 (33) Zhang,Z (2313)-Bai,J 
(2567) Shenzhen 2016}) 22. Bxf8 Kxf8 $11 {Endgame KRB-KRB} 23. Bd3 {[#] Black
must now prevent Ra1.} Re8 24. Kg2 h6 25. h4 h5 26. Kf1 Kg7 27. Kg2 Re7 28. Kf3
Kh6 29. Kf4 f6 30. Ra1 (30. Rb8 $16) 30... Bb3 (30... Bb5 $11 {keeps the
balance.} 31. Bxb5 cxb5) 31. Rb1 (31. f3 $142) 31... Ba4 $1 $16 32. Ra1 (32.
Rb8 $142) 32... Bb3 33. Ra6 Re6 (33... Rc7 $16 34. f3 Bd1) 34. Kf3 ({Better is
} 34. Ra8 $18) 34... Bd1+ $14 35. Kg2 Bg4 36. Rb6 Rd6 37. Rb8 Kg7 38. Rb7+ (38.
Ra8 {is more complex.} Kf7 39. Bc2 Kg7 40. Rb8 Kf7 41. Rh8) 38... Rd7 39. Rxd7+
Bxd7 $11 {KB-KB} 40. Kf3 g5 41. Ke3 Kf7 42. Kd2 Bg4 43. Kc2 Ke7 {[#]} (43...
Ke6 $11) 44. Kb3 ({White should play} 44. Bg6 $1 $16) 44... Kd6 {The position
is equal.} 45. Kb4 Bf3 46. Bg6 Bg4 47. Be8 Bf3 48. Bg6 {Precision: White = 34%,
Black = 40%.} 1/2-1/2

[Event "Yingmei Cup CHN-chT 2017"]
[Site "?"]
[Date "2017.07.29"]
[Round "11"]
[White "Xu, Xiangyu"]
[Black "Fang, Yan"]
[Result "1/2-1/2"]
[WhiteElo "2503"]
[BlackElo "2447"]
[Annotator "TA"]
[PlyCount "78"]
[EventDate "2017.??.??"]
[SourceTitle "Ningbo"]

1. Nf3 Nf6 2. g3 g6 3. b3 Bg7 4. Bb2 b6 5. Bg2 Bb7 6. O-O O-O 7. c4 c5 8. Nc3
d5 9. Nxd5 Nxd5 10. Bxg7 Kxg7 11. cxd5 Qxd5 12. d4 cxd4 {A30: Symmetrical
English: Double Fianchetto and Hedgehog} (12... Na6 13. Nh4 Qd7 14. dxc5 Qxd1
15. Rfxd1 Bxg2 16. Nxg2 Nxc5 17. b4 Na6 18. a3 Rfd8 19. Nf4 Nc7 20. Rxd8 Rxd8 {
1/2-1/2 (29) Malakhov,V (2722) -Ivanchuk,V (2729) Danzhou 2017}) 13. Nh4 Qd7
14. Bxb7 Qxb7 15. Qxd4+ Kg8 {LiveBook: 4 Games} 16. Rac1 Nd7 {The position is
equal.} 17. Rfd1 Nf6 18. Nf3 $146 ({Predecessor:} 18. Rd3 Rac8 19. Rcd1 Rc7 20.
Qe3 {1-0 (66) Schleining,Z (2377)-Carow,A (2028) Gladenbach 2013}) 18... Rac8
19. Kg2 Rc7 20. Qe5 Rcc8 21. b4 a6 22. a4 Kg7 23. Qd4 Rc6 (23... Rfd8 $5 24.
Qxd8 Rxd8 25. Rxd8 e6 $11) 24. Rxc6 Qxc6 25. g4 {[#] g5 is the strong threat.}
Kg8 26. a5 bxa5 27. bxa5 Qb5 28. g5 Nh5 29. Qe5 Qxe5 30. Nxe5 $11 {Endgame
KRN-KRN} Nf4+ 31. Kf1 Rc8 32. e3 Ne6 33. h4 Rc5 34. f4 Rxa5 35. Nc6 Ra2 36.
Nxe7+ Kf8 37. Nd5 Rh2 38. Kg1 Rxh4 39. Ra1 h6 {Precision: White = 51%, Black =
63%.} 1/2-1/2